| 000 | 00412nam a22001457a 4500 | ||
|---|---|---|---|
| 082 |
_a620.00420285 _bBOW _cL-10, P-91 |
||
| 100 |
_aBowman, Daniel J _940520 |
||
| 245 |
_aUnderstanding CAD/CAM _bBowman, Daniel J |
||
| 250 | _a1st ed. | ||
| 260 |
_aDelhi : _bBPB _cc1987. |
||
| 300 |
_aii, 299 p. ; _bill _c18 cm. _emaps, pics |
||
| 526 |
_a0 _b0 _c0 _d620_004202850000000_BOW |
||
| 650 |
_aMCE _9379 |
||
| 942 |
_2ddc _cBK |
||
| 999 |
_c544783 _d544783 |
||